01868nam a2200289 a 450000100190000000500170001900800410003602000180007703500250009504000280012004100130014810000300016124500980019125000190028926000320030830000400034050400260038050500970040652008090050354600350131265000290134765000470137665000380142365000600146165500210152170000360154299101775353970670620250618152710.0030505s1998 spcd || 001 ||spa|c a9788425418594 a(ES-BaCBU).b29420416 aES-BaCBUbcatcES-BaCBU ageraspa aCorcoll, Brigitteeauthor10aProgrammb: alemán para hispanohablantes : ejerciciosc/ Brigitte Corcoll, Roberto Corcoll. aThird edition. aBarcelona :bHerder,c1996. a467 pages :billustrations ;c25 cm aIncludes bibliography8 a1. Gramática = Grammatik. — 2. Ejercicios = Übungen, Soluciones = Lösungsschlüssel aProgramm. Ejercicios/soluciones completa y desarrolla la parte práctica de Programm Gramática. Tras su dilatada experiencia como profesores de alemán para hispanohablantes, los autores proponen: Ejercicios: -Estructurados por niveles. -Encuadrados dentro de temas o lecciones, cuya numeración corresponde exactamente a la de la Gramática, para que el estudiante pueda pasar fácilmente de un volumen a otro, de la teoría a la práctica, y viceversa. -Múltiples y variados dentro de cada tema, para que el alumno decida por su cuenta el ritmo de trabajo. Soluciones: -Son útiles como confirmación rápida y segura cuando Programm se utilice como libro de texto con profesor. -Resultan indispensables cuando el estudio del alemán se hace por cuenta propia y más individualmente. aTextos en castellà i alemany00aGerman languagexGrammar00aGerman languagevProblems, exercises, etc.00aGerman languagexSelf-instruction00aGerman language xStudy and teaching xForeign speakers 0aSelf-instruction aCorcoll, Robertod1937-eauthor